| 000 | 00913nam a2200229Ia 4500 | ||
|---|---|---|---|
| 003 | GCL | ||
| 008 | 140319s9999 xx 000 0 ara d | ||
| 020 | _a4366232977 | ||
| 040 |
_aGCL / _cGCL |
||
| 082 | 0 | 4 |
_a371.35 _bأ ت |
| 100 | 1 | _aاحمد اسماعيل حجى | |
| 245 | 1 | 0 |
_aالتعليم الجامعى المفتوح عن بعد : _bمن التعليم بالمراسلة الى الجامعة الافتراضية مدخل الى علم تعليم الراشدين المقارن / _cاحمد اسماعيل حجى |
| 250 | _aالاولى | ||
| 260 |
_aالقاهرة : _bعالم الكتب الحديث ، _c2003 |
||
| 300 |
_a396ص ؛ _c27سم |
||
| 650 | 0 | 4 | _aتعليم الكبار |
| 650 | 0 | 4 | _aالتعليم الجامعى |
| 650 | 0 | 4 | _aالجامعة المفتوحة |
| 650 | 0 | 4 | _aالتعليم الجامعى - مصر |
| 650 | 0 | 4 | _aالتعليم عن بعد |
| 942 |
_2ddc _cBK |
||
| 999 |
_c57864 _d57864 |
||